000 00258nam a22000977a 4500
999 _c11717
_d11717
008 200110b ||||| |||| 00| 0 eng d
020 _a0590965425
100 _aOsborne Pope Mary
_97376
245 _aAfternoon on the Amazon
260 _aNew York
_bScholastic
_c1996